000 00258nam a2200109Ia 4500
008 221007s9999 xx 000 0 und d
041 _aeng
100 _aFeb-06
_996886
245 _aPC Quest: Teach Video
260 _bCyber media Ind. Ltd.
906 _bGeneral
999 _c61347
_d61347